| 000 | 00660nam a2200229Ia 4500 | ||
|---|---|---|---|
| 003 | OSt | ||
| 005 | 20220928101638.0 | ||
| 006 | a|||||r|||| 00| 0 | ||
| 007 | ta | ||
| 008 | 220927b |||||||| |||| 00| 0 eng d | ||
| 024 | _a131422 | ||
| 037 | _cTextual | ||
| 040 |
_aSDCL _cSDCL _beng |
||
| 041 |
_2eng _aeng |
||
| 082 | _aND25567,N9(Q211), N0 | ||
| 100 |
_aChaturvedi Shrinarayan Ed. _9393194 |
||
| 245 | 0 | _aSuryoupasna aur gwalior ka vivswan mandir | |
| 260 |
_aDelhi _bPrabat Prakashan _c1990 |
||
| 300 |
_a108p _ccm. |
||
| 942 |
_hND25567,N9(Q211), N0 _cTEXL _2CC |
||
| 999 |
_c708843 _d708843 |
||